000 00490nam a2200217Ia 4500
003 OSt
005 20220923225640.0
006 a|||||r|||| 00| 0
007 ta
008 Pun
024 _a273,030
037 _cTextual
040 _aARTS
_cARTS
_bPun
041 _2Pun
_aPun
082 _aO153m2'N58, M4
245 0 _aਅਰਸੀ
260 _c1984
650 _aਪੰਜਾਬੀ ਸਾਹਿਤ
942 _hO153m2'N58, M4
_cTEXL
_2CC
999 _c379664
_d379664